Výzvy pro podnikání - inovace a vzdělání Česká republika na cestě ke znalostně založené ekonomice

Salvato in:
Dettagli Bibliografici
Autore principale: Kadeřábková, Anna
Natura: Libro
Lingua:ceco
Pubblicazione: Praha LINDE nakladatelství s.r.o. 2004
Soggetti:
Tags: Aggiungi Tag
Nessun Tag, puoi essere il primo ad aggiungerne!!

MARC

LEADER 00000nam$a2200000$$$4500
001 0054034
005 20240306141740.5
020 |a 80-86131-50-5 
041 0 |a cze 
044 |a CZ 
245 1 0 |a Výzvy pro podnikání - inovace a vzdělání  |b Česká republika na cestě ke znalostně založené ekonomice  |c Anna Kadeřábková 
264 1 |a Praha  |b LINDE nakladatelství s.r.o.  |c 2004 
300 |a 199 s. 
610 2 0 |a podnikanie 
610 2 0 |a inovácia 
610 2 0 |a vzdelanie 
610 2 0 |a ekonomika vedomostná 
610 2 0 |a výkonnosť ekonomiky 
610 2 0 |a konkurencieschopnosť 
610 2 0 |a výskum 
610 2 0 |a vývoj 
610 2 0 |a zdroje ľudské 
610 2 0 |a podnik 
610 2 0 |a ukazovatele ekonomické 
610 2 0 |a porovnanie medzinárodné 
610 2 0 |a Česko 
610 2 0 |a Európska únia 
100 1 |a Kadeřábková, Anna